| 000 | 00491nam a2200133 a 4500 | ||
|---|---|---|---|
| 008 | 120416s1968 ||||||||||||||||| || u | ||
| 050 | _aTP 548 Ber | ||
| 100 | _aBerry, Cyril J. J | ||
| 245 | 1 | 0 | _aWinemaking with canned or dried fruit |
| 260 |
_aAndover, [Hants] _bThe Amateur Winemaker _c1968 |
||
| 300 | _a91p. : ill. | ||
| 350 | _a0.00 | ||
| 995 |
_D0.00 _FCBU-MAIN LIBRARY (Kitwe) _H1 _I2.00 _UAVAILABLE _ZAnnex Low-Usage Collection |
||
| 999 |
_c61798 _d61798 |
||